Statistieken voor Senegal Trivia Quiz

Klik hier om de quiz te nemen!

Algemene statistieken

  • Deze quiz is 232 keer genomen
  • De gemiddelde score is 11 van 17

Antwoordstatistieken

HintAntwoord% Correct
HoofdstadDakar
92%
Aangrenzende landenGambia
92%
Aangrenzende landenMauritanië
91%
Aangrenzende landenGuinee
89%
Aangrenzende landenMali
89%
Officiële taalFrans
87%
Aangrenzende landenGuinee-Bissau
84%
Het eiland Gorée was vermoedelijk een centrum van de transatlantische _____handelSlaven
75%
De bovenstaande is de meest ____ stad op het Afro-Euraziatische vastelandWestelijke
69%
Semi-dorre zone ten zuiden van de Sahara die een groot deel van Senegal beslaatSahel
60%
Nationaal dierLeeuw
56%
Senegalese voetballer die de meeste doelpunten maakte in de Premier League toen hij speelde voor Liverpool in 2018-19Sadio Mané
54%
Type dier dat 25 vissers heeft gedood in een periode van tien jaar op die rivierNijlpaard
52%
Langste rivierSenegal
52%
Koloniale hoofdstad van SenegalSaint-Louis
30%
Peulvrucht die goed is voor 3% van de exportPinda
28%
Grootste ethnische groepWolof
28%

Scoreverdeling

Percentiel versus Aantal Correcte Antwoorden

Procent van Mensen met Elke Score

Uw Scoregeschiedenis

U heeft deze quiz nog niet genomen